[Event "World Cup"]
[Site "Reykjavik"]
[Date "1991.??.??"]
[Round "15"]
[White "Speelman, Jonathan S"]
[Black "Beliavsky, Alexander G"]
[Result "1/2-1/2"]
[WhiteElo "2630"]
[BlackElo "2655"]
[Annotator "Speelman,J"]
[PlyCount "98"]
[EventDate "1991.09.??"]
[EventType "tourn"]
[EventRounds "15"]
[EventCountry "ISL"]
[EventCategory "16"]
[SourceTitle "CBM 026"]
[Source "ChessBase"]
[SourceDate "1992.02.01"]
[SourceVersion "1"]
[SourceVersionDate "1992.02.01"]
[SourceQuality "1"]

1. d4 Nf6 2. c4 e6 3. Nc3 Bb4 4. e3 O-O 5. Bd3 c5 6. Nf3 d5 7. O-O dxc4 8. Bxc4
Nbd7 9. Ne2 $5 cxd4 10. Nexd4 Qc7 (10... Qe7 11. a3 Bd6 12. Nb5 Bb8 {
Beliavsky-Karpov Reggio 1989-90}) 11. Be2 $1 (11. Bb3 Nc5 12. Bc2 Nce4 $10)
11... Rd8 12. Bd2 Bf8 $1 (12... Bxd2 13. Qxd2 Ne4 14. Rfc1 $1) 13. Rc1 (13. Qe1
$5) 13... Qb6 14. Qc2 Nc5 15. Ne5 (15. Rfd1 Bd7) 15... Nce4 16. Be1 (16. Nc4
Qc7 $2 (16... Qc5 $1) 17. Ba5 $1 b6 18. Nxb6 $1 Qxc2 19. Nxa8 Qxb2 20. Bxd8 $16
) 16... Qc5 17. Nc4 $6 (17. Qxc5 Bxc5 18. Nb3 Bd6 19. Nc4 Bf8) 17... Bd7 $1 (
17... b6 $5) 18. Bf3 $6 (18. f3 Nd6 $10) 18... Qd5 $1 $8 (18... Ng5 19. Bxb7
Rab8 20. Ba5 $1 Re8 $2 21. b4 $18) 19. Nd2 Rac8 20. Qb1 Rxc1 21. Qxc1 e5 $1 22.
Nxe4 (22. Qc7 Rc8 23. Nxe4 Nxe4 24. Bxe4 Rxc7 25. Bxd5 exd4 26. Bd2 (26. exd4
$2 Bb5 $1) 26... Rc2) 22... Nxe4 23. Ne2 Qd3 $2 (23... Bb5 24. Ba5 (24. Bc3) (
24. Bxe4 $2 Qxe4 25. Nc3 Qc4 $1 $19) (24. Nc3 Qc5 $1 25. Bxe4 Qc4 26. Bd2 Qxf1+
27. Qxf1 Bxf1 28. Kxf1 Rxd2 $19) 24... Bxe2 25. Bxd8 Bxf3 $1 (25... Bxf1 26.
Qxf1 $10) 26. gxf3 Nd2 27. Rd1 Nxf3+ 28. Kf1 $17) (23... Bc6 $1 $17 24. Nc3
Nxc3 25. Bxc3 e4 26. Be2 Qxa2) 24. Ba5 $1 $10 Rc8 25. Qd1 Nc5 26. Qxd3 Nxd3 27.
Bc3 Bc6 28. Bxc6 Rxc6 29. Rd1 Rd6 $1 (29... Nxb2 $2 30. Bxb2 Rc2 31. Bxe5 $2 (
31. Bc3 $1 {Beliavsky} Rxe2 32. Bd2 $1 $18) 31... Rxe2 32. Kf1 Rxa2 33. Rd8 Ra6
34. Rb8 $146) 30. Ng3 b5 31. a3 f6 $1 $8 (31... Nc5 $2 32. Rxd6 Bxd6 33. Nf5
Bc7 34. Ne7+ Kf8 35. Nc6) 32. Ne4 $138 (32. b4 Rd7 33. Rd2 Kf7 34. Kf1 Ke6 35.
Ke2 Nc1+ 36. Kd1 Nd3 37. Ke2 $10) 32... Rd7 33. Kf1 Nc5 34. Rxd7 Nxd7 35. Ba5
$6 {Here White offered a draw.} (35. f4 $1 exf4 36. exf4 Kf7 37. f5 h5 38. h3
g6 39. g4 hxg4 40. hxg4 gxf5 41. gxf5 $14) 35... Kf7 36. Ke2 (36. Nc3) 36...
Be7 $6 $138 (36... Ke6 $1) 37. Nc3 a6 38. Nd5 Bd6 39. Bb4 Ke6 40. e4 Bxb4 41.
Nxb4 (41. axb4 $5) 41... Nc5 42. Ke3 Kd6 43. Nd3 Nb3 $1 $15 44. f4 $1 {xe5} a5
45. fxe5+ fxe5 46. Ne1 a4 $1 (46... Nd4 $2 47. b4 $1 $10) 47. Nf3 Nc5 48. Ng5
h6 49. Nf7+ Ke6 (49... Ke6 50. Nd8+ Kf6 $1 (50... Ke7 $4 51. Nc6+ Kd6 52. Na7)
(50... Kd7 51. Nf7 Ke6 52. Nd8+ Kd7 $10) 51. Nc6 Nb7 $15 {For example} 52. Nb4
(52. h4 Nd6 53. Kd3 Nc4 54. Kc3 g5 55. hxg5+ $5 Kxg5 56. Na7 $1 (56. Kb4 Kf4 $1
) 56... Nd6 57. Kb4 Kf4 58. Nxb5 Nxb5 59. Kxb5 Kxe4 60. Kxa4 Kd3 61. b4 e4 62.
b5 e3 63. b6 e2 64. b7 e1=Q 65. b8=Q Qe4+ $10) 52... Ke6 53. Nd3 Kd6 54. Kd2
Nc5 55. Nxc5 $4 (55. Nf2 $1 $15) 55... Kxc5 56. Kc3 h5 $1 57. h4 b4+ $19)
1/2-1/2

[Event "George Marx Memorial 4th"]
[Site "Paks"]
[Date "2006.07.30"]
[Round "3"]
[White "Berkes, Ferenc"]
[Black "Efimenko, Zahar"]
[Result "1/2-1/2"]
[WhiteElo "2601"]
[BlackElo "2632"]
[Annotator "Szabo,Kr"]
[PlyCount "51"]
[EventDate "2006.07.28"]
[EventType "tourn"]
[EventRounds "10"]
[EventCountry "HUN"]
[EventCategory "15"]
[SourceTitle "CBM 113 Extra"]
[Source "ChessBase"]
[SourceDate "2006.09.14"]
[SourceVersion "1"]
[SourceVersionDate "2006.09.14"]
[SourceQuality "1"]

1. d4 Nf6 2. c4 e6 3. Nc3 Bb4 4. e3 O-O 5. Bd3 d5 6. Nf3 c5 7. O-O dxc4 8. Bxc4
Nbd7 9. a3 cxd4 10. axb4 dxc3 11. bxc3 Qc7 12. Be2 Nd5 13. Bb2 Nxc3 14. Bxc3
Qxc3 15. Qd6 Nf6 16. Nd4 (16. Rfc1 Ne4 17. Rxc3 (17. Qe5 Qxe5 18. Nxe5 Rd8 19.
b5 Nd2 20. Rd1 Rd5 21. Ra2 Ne4) (17. Qf4 Qb2 18. Qxe4 (18. Nd4) 18... Qxe2)
17... Nxd6 18. Rc7 f6) 16... Ne8 (16... Ne4 17. Qe7 $14) (16... Nd5 17. b5 (17.
Rab1 Qc7) (17. Bf3 Qxb4) 17... Qb4 18. Qxb4 Nxb4 19. Rfc1 (19. Ra4 Nd5 20. Rc1)
) 17. Qe7 (17. Qc5 Qxc5 18. bxc5 Nc7) 17... Qc7 18. Qxc7 (18. Qh4 Bd7 19. Rfc1
Qb6) 18... Nxc7 19. Bf3 Rd8 (19... e5 20. Rfc1 exd4 21. Rxc7 dxe3 22. fxe3 a6
23. Bd5) 20. Rfc1 Ne8 21. Nb5 a6 22. Nc7 Nxc7 23. Rxc7 Rb8 24. Rac1 Kf8 (24...
Bd7 25. Bxb7 Bb5) 25. h4 Bd7 26. Bxb7 1/2-1/2

[Event "Poikovsky Karpov 11th"]
[Site "Poikovsky"]
[Date "2010.06.06"]
[Round "5"]
[White "Vitiugov, Nikita"]
[Black "Karjakin, Sergey"]
[Result "1-0"]
[WhiteElo "2707"]
[BlackElo "2739"]
[Annotator "Vitiugov,N"]
[PlyCount "137"]
[EventDate "2010.06.02"]
[EventType "tourn"]
[EventRounds "11"]
[EventCountry "RUS"]
[EventCategory "18"]
[SourceTitle "CBM 137"]
[Source "ChessBase"]
[SourceDate "2010.07.15"]
[SourceVersion "1"]
[SourceVersionDate "2010.07.15"]
[SourceQuality "1"]

{It was very easy to predict Karjakin's choise in the opening in this game -
he has had a draw and a win in the Nimzowitsch against me.} 1. d4 Nf6 2. c4 e6
3. Nc3 Bb4 4. e3 O-O 5. Bd3 c5 6. Nf3 d5 7. O-O dxc4 8. Bxc4 Nbd7 9. a3 {
I prepared some ideas in this line before the tournament.} ({Our previous game
in the Nimzo Rubinstein was played on the ECC -} 9. Qe2 b6 10. dxc5 Bxc3 11. c6
Bb4 12. cxd7 Qxd7 13. Rd1 Qc7 14. a3 Be7 15. Bd2 Bb7 16. Rac1 Rad8 17. Bxe6
Bxf3 18. gxf3 Qe5 19. Bc4 Qxb2 20. a4 Qa3 21. a5 Bb4 {1/2 Vitiugov,N (2681)
-Karjakin,S (2722)/Ohrid 2009/CBM 133}) 9... cxd4 10. axb4 dxc3 11. bxc3 Qc7
12. Be2 Qxc3 {Perhaps a small inaccuracy.} ({An alternative is} 12... Nd5 $5
13. Ba3 Qxc3 14. Qb1) 13. Rb1 $5 {A rare continuation, which was not expected
by Black.} (13. Ba3 Nd5 14. Qb1 $13) 13... Qc7 14. Bb2 e5 $2 {A serious
mistake.} (14... a5 $5 15. Rc1 Qd8 16. b5 b6 17. Ba3 Nc5 {- the key idea,
which Sergey couldn't find at the board.} 18. Ne5 Bb7 19. Nc4 Nfd7 20. Qd6 Qg5
21. Qg3 Qxg3 22. hxg3 Bd5 23. Nxb6 Nxb6 24. Rxc5 $14 {1-0 Korobov,A (2565)
-Miroshnichenko,E (2615)/Kharkov 2004/CBM 103 (47)}) 15. Qb3 {A logical move -
now the f7-pawn becomes Black's main weakness.} ({I refrained from} 15. Rc1 Qb8
(15... Qb6 16. Nxe5 Qxb4 17. Nc4 Qe7 18. Ba3 Nc5 19. Bf3 Be6 20. Ne5 $16) 16.
Qb3 {because of} b5 $5 17. Rfd1 a6 {and White has very good compensation, but
perhaps no more.}) 15... a5 ({It's hard to recommend} 15... e4 16. Rbc1 Qd6 17.
Rfd1 Qe7 18. Ng5 $36) 16. Rbc1 $6 {I felt, this move might be a mistake, but
couldn't find the correct desicion.} (16. Rfc1 Qb6 17. Ra1 $1 {and Black is
completely paralysed.}) 16... Qb8 $2 {Now Black is almost lost.} ({The more
principled move was} 16... Qb6 17. Bc4 a4 18. Qa2 h6 19. b5 e4 20. Nd2 (20. Nh4
Ng4 $5) 20... a3 21. Bxa3 Ne5 22. Qb2 Re8 $14) 17. bxa5 Rxa5 (17... e4 18. Ng5
Ne5 19. Rc5 Neg4 20. g3 $16) 18. Ba3 Rxa3 {What else?} (18... e4 19. Bxf8 exf3
20. Bd6 $18) 19. Qxa3 b6 20. Rfd1 Nc5 21. Qb2 Bg4 22. h3 e4 ({Probably Black
would have more chances for a draw after} 22... Bxf3 $5 23. Bxf3 Qc7 $16 {/+-})
23. hxg4 Nxg4 24. Rd4 (24. Rxc5 exf3 25. Rh5 $5 (25. Bxf3 Qh2+ 26. Kf1 Nxe3+
27. fxe3 bxc5 {and I couldn't estimate Black's drawing chances here}) 25...
fxe2 26. Qxe2 Nf6 27. Rb5 {It's hard to explain, why White refrained from this.
}) 24... f5 25. g3 exf3 26. Bxf3 h5 {Now Black has some chances again.} 27. Rb4
$6 (27. Bxg4 $5 fxg4 28. Rb4) 27... Qd8 ({There was a nice trick here -} 27...
Nxf2 $1 28. Bd5+ Kh7 29. Qxf2 Nd3 30. Qf3 g6 $1 {and it won't be very easy to
win this game.}) 28. Rd1 (28. Bxg4 $5 fxg4 29. Rxb6 Ne4 30. Rb7 Qf6 31. Qxf6
Rxf6 {perhaps is also winning for White.}) 28... Qg5 29. Qd4 Qg6 30. Qd6 Qxd6
31. Rxd6 Ne4 32. Bxe4 fxe4 33. Rd2 Nf6 34. Rxb6 {The endgame is simply lost
for Black.} Kh7 35. Kg2 Kh6 36. Rd5 g6 37. Rdd6 Kg5 38. Re6 Kf5 39. Re7 Kg5 40.
Rbb7 Ra8 41. Rb5+ Kh6 42. Re6 Rf8 43. Rbb6 Kg5 44. Ra6 Rf7 45. f4+ exf3+ 46.
Kxf3 Ng4+ 47. Ke2 Rg7 48. e4 Rg8 49. Kd3 Nf2+ 50. Ke3 Ng4+ 51. Kd4 Nf2 52. Ke3
Ng4+ 53. Ke2 Nh6 54. Kf3 Ng4 55. Ra5+ Kh6 56. e5 Kg5 57. Ke4 ({Probably White
had an easier way to win:} 57. Rb6 $1 Kf5 58. e6+ Ne5+ 59. Ke3 Re8 60. Kd4 $18)
57... Nf2+ 58. Kd5 Nh1 59. Ra3 Kg4 60. Rb6 Nxg3 61. Rb4+ Kh3 62. e6 g5 63. e7
g4 64. Ke6 Kg2 65. Rb2+ Kh3 66. Kf7 Rh8 67. e8=Q Rxe8 68. Kxe8 h4 69. Rb4 1-0